Surveyor variability - application of social judgement theory (Record no. 73272)
[ view plain ]
| 000 -LEADER | |
|---|---|
| fixed length control field | 01509cam a2200229 4500 |
| 001 - CONTROL NUMBER | |
| control field | ABS66958 |
| 008 - FIXED-LENGTH DATA ELEMENTS--GENERAL INFORMATION | |
| fixed length control field | 030821n2003 000 0 eng u |
| 035 ## - SYSTEM CONTROL NUMBER | |
| System control number | (Sirsi) u123341 |
| 100 ## - MAIN ENTRY--PERSONAL NAME | |
| Personal name | Kempton, J. |
| 245 ## - TITLE STATEMENT | |
| Title | Surveyor variability - application of social judgement theory |
| 260 ## - PUBLICATION, DISTRIBUTION, ETC. | |
| Date of publication, distribution, etc. | 2003 |
| 490 ## - SERIES STATEMENT | |
| Series statement | Structural Survey |
| Volume/sequential designation | 21(2) 2003, 63-69(7) |
| 520 ## - SUMMARY, ETC. | |
| Summary, etc. | Surveyor variability has been previously identified as a barrier to the consistency and usability of house condition survey data. This paper explores the use of Social Judgement Theory (SJT) as a potential method to account for and reduce the impact of surveyor variability. The study followed the principles of SJT first proposed by Egan Brunswik. The results of the study indicate that the SJT method does have the potential to aid understanding of the survey judgement policy of individual surveyors in terms of the importance they give to building elements and the underlying focus, or theme, of a survey. Knowledge of this policy could be utilised in house condition surveys by recalibration of survey results to take account of a surveyors policy. In addition, training requirements for individual surveyors could be identified. Tables, diagrams and references. [Taken from journal abstract]. |
| 590 ## - LOCAL NOTE (RLIN) | |
| Local note | ABS |
| 650 ## - SUBJECT ADDED ENTRY--TOPICAL TERM | |
| Topical term or geographic name entry element | HOME CONDITION REPORTS |
| 650 ## - SUBJECT ADDED ENTRY--TOPICAL TERM | |
| Topical term or geographic name entry element | SOCIAL JUDGEMENT THEORY |
| 650 ## - SUBJECT ADDED ENTRY--TOPICAL TERM | |
| Topical term or geographic name entry element | SURVEYS |
| 690 ## - LOCAL SUBJECT ADDED ENTRY--TOPICAL TERM (OCLC, RLIN) | |
| Topical term or geographic name as entry element | BUILT ENVIRONMENT-BUILDING INSPECTION |
| 700 ## - ADDED ENTRY--PERSONAL NAME | |
| Personal name | Alani, A. |
| 700 ## - ADDED ENTRY--PERSONAL NAME | |
| Personal name | Chapman, K. |
| 942 ## - ADDED ENTRY ELEMENTS (KOHA) | |
| Suppress in OPAC | 0 |
| Withdrawn status | Lost status | Source of classification or shelving scheme | Damaged status | Not for loan | Home library | Current library | Shelving location | Date acquired | Total Checkouts | Full call number | Barcode | Date last seen | Copy number | Price effective from | Koha item type |
|---|---|---|---|---|---|---|---|---|---|---|---|---|---|---|---|
| Dewey Decimal Classification | London | London | Journal article | 21/08/2003 | ABS66958 | 123341-1001 | 06/08/2019 | 1 | 06/08/2019 | Journal article |